Microsoft internet Explorer 5

Giới thiệu sơ lược về mạng, các khái niệm và tính năng cơ bản của bộ trình duyệt Internet Explorer 5.Những kĩ thuật và ứng dụng bộ trình duyệt này trong mạng Internet. Giới thiệu cách sử dụng mạng diện rộng và cách kết nối với những người sử dụng mạng khác...

Full description

Saved in:
Bibliographic Details
Other Authors: VN-Guide (Tác giả)
Format: Book
Language:Vietnamese
Published: H. Thống Kê 2000
Subjects:
Tags: Add Tag
No Tags, Be the first to tag this record!
Institutions: Mạng thư viện Đại học Đà Nẵng
LEADER 01588nam a22003978a 4500
001 000012992
003 9320
005 20120405090424.0
008 120306s2000 viesd
020 |c 47000 
041 |a vie 
082 |a 004.67  |b VN-G 
084 |a F988-018z73 
084 |b M300C 
245 1 0 |a Microsoft internet Explorer 5  |c VN - Guide 
260 |a H.  |b Thống Kê  |c 2000 
300 |a 542 tr.  |b hình vẽ  |c 20,5 cm 
520 |a Giới thiệu sơ lược về mạng, các khái niệm và tính năng cơ bản của bộ trình duyệt Internet Explorer 5.Những kĩ thuật và ứng dụng bộ trình duyệt này trong mạng Internet. Giới thiệu cách sử dụng mạng diện rộng và cách kết nối với những người sử dụng mạng khác 
650 7 |2 Bộ TK TVQG  |a Tin học ứng dụng 
650 7 |2 Bộ TK TVQG  |a Phần mềm máy tính 
650 7 |2 Bộ TK TVQG  |a Mạng máy tính 
650 7 |2 Bộ TK TVQG  |a Internet 
653 |a Microsoft internet Explorer 5 
655 7 |a Giáo trình 
700 1 |a VN-Guide  |e Tác giả 
910 |a Nguyễn Thị Lê Na 
OWN |a LSP 
AVA |a UDN50  |b LSP  |d 004.67 VN-G  |e available  |t Error 5001 Not defined in file expand_doc_bib_avail.  |f 3  |g 0  |h N  |i 0  |k 1 
999 |a From the UDN01 
AVA |a UDN50  |b LSP  |d 004.67 VN-G  |e available  |t Error 5001 Not defined in file expand_doc_bib_avail.  |f 3  |g 0  |h N  |i 0  |k 1 
TYP |a Monograph 
TYP |a Printed language 
980 |a Mạng thư viện Đại học Đà Nẵng